[Event "GER-ch U14 Girls"]
[Site "Willingen"]
[Date "2016.05.15"]
[Round "1"]
[White "Albert, Eske"]
[Black "Muedder, Melanie"]
[Result "0-1"]
[WhiteElo "1166"]
[BlackElo "1631"]
[PlyCount "86"]
[EventDate "2016.05.15"]
[EventType "swiss"]
[EventRounds "9"]
[EventCountry "GER"]
[SourceTitle "CBM 172 Extra"]
[Source "ChessBase"]
[SourceDate "2016.06.21"]
[SourceVersion "1"]
[SourceVersionDate "2016.06.21"]
[SourceQuality "1"]

1. e4 c5 2. Nc3 Nc6 3. g3 e6 4. Bg2 Nge7 5. f4 Ng6 6. Nf3 Be7 7. 0-0 0-0 8. d3 f5 9. Be3 b6 10. Qd2 Rb8 11. Rae1 b5 12. h3 d6 13. Kh2 Qc7 14. a3 a5 15. exf5 Rxf5 16. b3 d5 17. d4 cxd4 18. Nxd4 Nxd4 19. Bxd4 Bxa3 20. Nd1 Bd6 21. Ne3 Rf8 22. Bb2 Ne7 23. Ng4 Nc6 24. Qc3 Bb4 25. Qf3 Bxe1 26. Rxe1 Qf7 27. Rf1 Bb7 28. Qe2 b4 29. Re1 Rbe8 30. Ne5 Nxe5 31. Bxe5 Rc8 32. g4 Qg6 33. Qb5 Bc6 34. Qxa5 Qxc2 35. Qxb4 d4 36. Rg1 d3 37. Qe1 Qxb3 38. Bc3 Bxg2 39. Kxg2 Rxc3 40. Rf1 Rc2+ 41. Kg1 Qb5 42. Kh1 Qc6+ 43. Kg1 Qg2# 0-1

[Event "Niedersachsen-ch op-C"]
[Site "Verden"]
[Date "2016.01.05"]
[Round "6"]
[White "Albert, Eske"]
[Black "Hindersmann, Silas"]
[Result "1/2-1/2"]
[WhiteElo "927"]
[BlackElo "1234"]
[PlyCount "47"]
[EventDate "2016.01.03"]
[EventType "swiss"]
[EventRounds "7"]
[EventCountry "GER"]
[SourceTitle "EXT 2018"]
[Source "ChessBase"]
[SourceDate "2017.10.13"]
[SourceVersion "1"]
[SourceVersionDate "2017.10.13"]
[SourceQuality "1"]

1. e4 d5 2. exd5 Qxd5 3. Nc3 Qa5 4. Bc4 e6 5. a3 Nc6 6. Nf3 Nf6 7. d3 Bb4 8. Bd2 Bxc3 9. Bxc3 Qb6 10. Qd2 Bd7 11. 0-0 Ne7 12. Ne5 Qd6 13. Rfe1 Ng6 14. Qe2 Bc6 15. Nxc6 Qxc6 16. Be5 Nh4 17. f3 Nd7 18. Bg3 Nf5 19. Bf2 h5 20. Qe4 Qxe4 21. dxe4 Nd6 22. Bb3 a6 23. e5 Nf5 24. g4 1/2-1/2

[Event "Niedersachsen-ch op-C"]
[Site "Verden"]
[Date "2016.01.03"]
[Round "1"]
[White "Albert, Eske"]
[Black "Wilke, Kent"]
[Result "1-0"]
[WhiteElo "927"]
[BlackElo "1123"]
[PlyCount "54"]
[EventDate "2016.01.03"]
[EventType "swiss"]
[EventRounds "7"]
[EventCountry "GER"]
[SourceTitle "EXT 2018"]
[Source "ChessBase"]
[SourceDate "2017.10.13"]
[SourceVersion "1"]
[SourceVersionDate "2017.10.13"]
[SourceQuality "1"]

1. e4 e5 2. Nf3 d6 3. d4 Nc6 4. Bb5 Bd7 5. a3 a6 6. Bxc6 Bxc6 7. Nc3 Be7 8. 0-0 Bd7 9. dxe5 dxe5 10. Nxe5 Nf6 11. Nxd7 Nxd7 12. Bf4 c6 13. Qd4 0-0 14. Qd3 Re8 15. Qg3 Bh4 16. Qg4 Bf6 17. Rad1 Re7 18. e5 Bxe5 19. Bxe5 Rxe5 20. Qxd7 Qb6 21. Rfe1 Rxe1+ 22. Rxe1 g6 23. Re7 Qxb2 24. Nd1 Qxc2 25. Rxf7 Qc1 26. Rg7+ Kh8 27. Rxh7+ Kg8 1-0

[Event "Niedersachsen-ch op-C"]
[Site "Verden"]
[Date "2016.01.03"]
[Round "2"]
[White "Blanke, Jonas"]
[Black "Albert, Eske"]
[Result "1-0"]
[WhiteElo "1188"]
[BlackElo "927"]
[PlyCount "107"]
[EventDate "2016.01.03"]
[EventType "swiss"]
[EventRounds "7"]
[EventCountry "GER"]
[SourceTitle "EXT 2018"]
[Source "ChessBase"]
[SourceDate "2017.10.13"]
[SourceVersion "1"]
[SourceVersionDate "2017.10.13"]
[SourceQuality "1"]

1. e4 e5 2. Nf3 Nc6 3. d4 d6 4. Nc3 Bg4 5. d5 Nd4 6. h3 Bxf3 7. gxf3 Be7 8. Be3 Bf6 9. f4 Ne7 10. fxe5 dxe5 11. Be2 Nxe2 12. Qxe2 Qd6 13. Qb5+ c6 14. Qxb7 0-0 15. 0-0-0 Rfb8 16. Qa6 Qc7 17. d6 Qb7 18. Qxb7 Rxb7 19. dxe7 Bxe7 20. Rhg1 Kf8 21. f4 exf4 22. Bxf4 f6 23. Bd6 Kf7 24. e5 Rd7 25. Bxe7 Rxe7 26. exf6 gxf6 27. Rd6 Re6 28. Rxe6 Kxe6 29. Rg7 f5 30. Rxh7 f4 31. Kd1 Rd8+ 32. Ke2 Kf5 33. Kf3 Rd2 34. Ne2 Rxc2 35. Nd4+ Kg6 36. Nxc2 Kxh7 37. Kxf4 Kg6 38. Ke5 a5 39. Kd6 Kf5 40. Kxc6 a4 41. Kb5 a3 42. Nxa3 Ke5 43. Nc4+ Kd5 44. a4 Kd4 45. a5 Kd5 46. a6 Ke4 47. a7 Kd4 48. a8Q Kd3 49. Qd5+ Ke2 50. Qe4+ Kd1 51. Qg2 Kc1 52. Qd2+ Kb1 53. b4 Ka1 54. Qb2# 1-0

[Event "Niedersachsen-ch op-B"]
[Site "Verden"]
[Date "2015.01.03"]
[Round "4"]
[White "Meiwes, Thore"]
[Black "Albert, Eske"]
[Result "1-0"]
[WhiteElo "962"]
[BlackElo "906"]
[PlyCount "121"]
[EventDate "2015.01.02"]
[EventType "swiss"]
[EventRounds "7"]
[EventCountry "GER"]
[SourceTitle "EXT 2018"]
[Source "ChessBase"]
[SourceDate "2017.10.13"]
[SourceVersion "1"]
[SourceVersionDate "2017.10.13"]
[SourceQuality "1"]

1. c4 e5 2. e4 Nf6 3. Nc3 Nc6 4. g3 Bb4 5. Bg2 d6 6. h3 Be6 7. d3 Nd4 8. a3 Bxc3+ 9. bxc3 Nc6 10. Ne2 0-0 11. 0-0 Qd7 12. Kh2 Ne7 13. f4 Ng6 14. f5 c6 15. fxe6 Qxe6 16. Bg5 Nh5 17. g4 Nf6 18. Bxf6 gxf6 19. Ng3 Nf4 20. Nh5 Nxh5 21. gxh5 Kg7 22. Bf3 f5 23. exf5 Qxf5 24. Be4 Qe6 25. Qf3 f6 26. Bf5 Qe7 27. Rg1+ Kh8 28. Rg4 h6 29. Rag1 Qf7 30. Bg6 Qg7 31. Be4 Qf7 32. Qf5 Rg8 33. Rg6 Rxg6 34. Qxg6 Qxg6 35. Rxg6 Kh7 36. Rxf6+ Kg7 37. Rxd6 Rf8 38. Rd7+ Rf7 39. Rxf7+ Kxf7 40. Kg3 Ke6 41. Kg4 a6 42. d4 exd4 43. cxd4 Kd6 44. Kf5 b5 45. cxb5 cxb5 46. Kg6 a5 47. Kxh6 b4 48. a4 b3 49. Kg6 b2 50. h6 b1Q 51. Bxb1 Kd5 52. h7 Kxd4 53. h8Q+ Kc4 54. Qb8 Kd5 55. Qb5+ Kd4 56. Kf5 Ke3 57. Qd3+ Kf2 58. Kf4 Kg2 59. Qf3+ Kh2 60. Be4 Kg1 61. Qg2# 1-0

[Event "Niedersachsen-ch op-B"]
[Site "Verden"]
[Date "2015.01.02"]
[Round "1"]
[White "Albert, Eske"]
[Black "Bischoff, Norbert"]
[Result "0-1"]
[WhiteElo "906"]
[BlackElo "1604"]
[PlyCount "56"]
[EventDate "2015.01.02"]
[EventType "swiss"]
[EventRounds "7"]
[EventCountry "GER"]
[SourceTitle "EXT 2018"]
[Source "ChessBase"]
[SourceDate "2017.10.13"]
[SourceVersion "1"]
[SourceVersionDate "2017.10.13"]
[SourceQuality "1"]

1. e4 e6 2. d4 d5 3. Nc3 Nc6 4. Nf3 Nf6 5. e5 Ne4 6. Bd3 Bb4 7. Bd2 Nxd2 8. Qxd2 f6 9. Bb5 0-0 10. Bxc6 bxc6 11. 0-0 c5 12. dxc5 Bxc5 13. Nb5 Bb6 14. Rac1 Ba6 15. a4 c6 16. Qd3 cxb5 17. axb5 Bb7 18. Nd4 Bxd4 19. Qxd4 Qb6 20. Qxb6 axb6 21. Rfe1 Ra5 22. exf6 Rxf6 23. c4 dxc4 24. Rxc4 Bd5 25. Rc8+ Rf8 26. Rxf8+ Kxf8 27. Re5 Ra1+ 28. Re1 Rxe1# 0-1